000 00771nam0a22002531 4500
001 rc\4402028
005 20250611170126.0
021 _aRU
_b[63-37858]
035 _a(NLR Aleph) 008298714
090 _a8622245
_c8622245
100 _a20130416d1963 |||y0rusy50 ca
101 0 _arus
102 _aRU
105 _aa z |||||
200 1 _aЛегко ли быть праведным?
_e[Фельетоны
_fИл.: Р.В. Мельников]
210 _aЧелябинск
_cКн. изд-во
_d1963
215 _a58 с.
_cил.
_d17
700 1 _aДмитрин
_bГ.К.
_gГеннадий Кузьмич
702 1 _aМельников
_bР.В.
_4440
801 0 _aRU
_bNLR
_gpsbo
801 1 _aRU
_bELAR
_2rusmarc
852 _aNLR
_j63-2/1752
942 _cBOOK
980 _aNB